书目信息 |
| 题名: |
保教知识与能力
|
|
| 作者: | 冯艳慧 主编 | |
| 分册: | 幼儿园 | |
| 出版信息: | 北京 教育科学出版社 2015 |
|
| 页数: | 337页 | |
| 开本: | 28cm | |
| 丛书名: | ||
| 单 册: | ||
| 中图分类: | G451.1 , G615 | |
| 科图分类: | ||
| 主题词: | 教师素质--jiao shi su zhi--资格考试--教材 , 学前教育--xue qian jiao yu--幼教人员--资格考试--教材 | |
| 电子资源: | ||
| ISBN: | 978-7-5041-9934-8 | |
| 000 | 00957nam0 22002771 450 | |
| 001 | 1754453731 | |
| 005 | 20170516112211.0 | |
| 010 | @a978-7-5041-9934-8@dCNY56.00 | |
| 100 | @a20151208d2015 em y0chiy50 ea | |
| 101 | 0 | @achi |
| 102 | @aCN@b110000 | |
| 105 | @ay z 000yy | |
| 106 | @ar | |
| 200 | 1 | @a保教知识与能力@9bao jiao zhi shi yu neng li@i幼儿园@f冯艳慧主编 |
| 210 | @a北京@c教育科学出版社@d2015 | |
| 215 | @a337页@d28cm | |
| 300 | @a国家教师资格考试系列教材 | |
| 304 | @a中国教育科学研究院组织编写 | |
| 330 | @a本书共分七个专题,分别为幼儿教育原理、幼儿发展、生活指导、环境创设、游戏活动指导、教育活动的组织与实施、幼儿园教育评价。 | |
| 606 | 0 | @a教师素质@9jiao shi su zhi@x资格考试@j教材 |
| 606 | 0 | @a学前教育@9xue qian jiao yu@x幼教人员@x资格考试@j教材 |
| 690 | @aG451.1@v5 | |
| 690 | @aG615@v5 | |
| 701 | 0 | @a冯艳慧@9feng yan hui@c(女,@f1981~)@4主编 |
| 801 | 0 | @aCN@b百万庄@c20170512 |
| 905 | @b1004766-71@dG451.1@e168@f6 | |
| 保教知识与能力.幼儿园/冯艳慧主编.-北京:教育科学出版社,2015 |
| 337页;28cm |
| 国家教师资格考试系列教材 |
| ISBN 978-7-5041-9934-8:CNY56.00 |
| 本书共分七个专题,分别为幼儿教育原理、幼儿发展、生活指导、环境创设、游戏活动指导、教育活动的组织与实施、幼儿园教育评价。 |
| ● |
| 相关链接 |
|
|
|
|
正题名:保教知识与能力
索取号:G451.1/168
 
预约/预借
| 序号 | 登录号 | 条形码 | 馆藏地/架位号 | 状态 | 备注 |
| 1 | 1004766 | 210047661 | 第一样本阅览室/ [索取号:G451.1/168] | 在馆 | |
| 2 | 1004767 | 210047670 | 教育系资料室/ [索取号:G451.1/168] | 在馆 | |
| 3 | 1004768 | 210047689 | 教育系资料室/ [索取号:G451.1/168] | 在馆 | |
| 4 | 1004769 | 210047698 | 教育系资料室/ [索取号:G451.1/168] | 在馆 | |
| 5 | 1004770 | 210047705 | 第四借阅区/ [索取号:G451.1/168] | 在馆 | |
| 6 | 1004771 | 210047714 | 第四借阅区/ [索取号:G451.1/168] | 在馆 |